LEADER 00642nam a2200205 i 4500 001 000000154320 003 CaOOAMICUS 005 20061014000000.0 008 061014n it u000 u ita u 013 $a131666 040 $aSeMil$bita 245 10$aSaggi. 300 $a390 p. :$bill. 500 $aContiene : Bibliografia. - Fondo Ciprandi. 773 0 $tMuse e il principe.$dModena : Franco Cosimo Panini, 1991.$w()16573 850 $aSeMil 852 $aSeMil$W1$xVenegono$y1$m5I IX 74$j106180$B106180$CSeMilBibl$Z2$F115372 $8I 941 1 $a1 961 $aOmaggio: Ciprandi dott. Paolo 996 $6245$aSaggi$9(OLS)http://semarc/title/341 LEADER 00727naa a2200157 i 4500 001 000000299673 003 CaOOAMICUS 005 20180831172648.0 008 180831n xx u000 u und u 013 $a7322 040 $aSeMil$bita 100 1 $aZįk, Lubomķr,$d<1964- >.$0(OLS)http://semarc/name/43871 245 10$aP.A. Florenskij :$bprogetto e testimonianza di una gnoseologia trinitaria. 600 14$aFlorenskij, Pavel Aleksandrovi? <1882-1937>.$0(OLS)http://semarc/subject/16159 773 0 $tTrinitą e il pensare.$dRoma : Cittą Nuova, copyr. 1997.$kCollana di teologia $z88-311-3332-2$w()73698 996 $6245$aP.A. Florenskij :$bprogetto e testimonianza di una gnoseologia trinitaria$9(OLS)http://semarc/title/375701